WEAK MODULE AMENABILITY OF TRIANGULAR BANACH ALGEBRAS

Bibliographic Details
Main Authors: Pourabbas, Abdolrasoul (Author), Nasrabadi, Ebrahim (Author)
Format: Article
Language:English

MARC

LEADER 00000nab a2200000uu 4500
001 vtls011450074
003 SK-MaSNL
005 20260303151423.0
008 230222|2011 xo |||||||||||||||||eng|
015 |a SNBRB 
035 |a (urnnbn)urn:nbn:sk:snk:ar-006f5o 
035 |a (uuid)1f84a416-26a1-4325-a7a6-020f3aeee81f 
035 |a urn:nbn:sk:snk-abcmch 
040 |a SNKBUCL  |b slo  |c SNKBUCL  |e AACR2 
041 0 |a eng 
044 |a xo  |c SK 
100 1 |a Pourabbas, Abdolrasoul  |4 aut  |9 1170973 
245 1 0 |a WEAK MODULE AMENABILITY OF TRIANGULAR BANACH ALGEBRAS  |c Abdolrasoul Pourabbas, Ebrahim Nasrabadi 
700 1 |a Nasrabadi, Ebrahim  |4 aut  |9 1170974 
773 0 |t Mathematica Slovaca  |g Roč. 61, č. 6 (2011), s. [949]-958 
958 |a OND 
958 |a EUIPO 
958 |a article16 
999 |c 2017574  |d 2019504